[Event "FRA-chT Top 16 Gp Basse"]
[Site "France"]
[Date "2007.06.03"]
[Round "11.5"]
[White "Brunelliere, Pierre"]
[Black "Amigues, Emmanuel"]
[Result "1/2-1/2"]
[WhiteElo "2369"]
[BlackElo "2391"]
[PlyCount "57"]
[EventDate "2007.05.31"]
[EventType "team"]
[EventRounds "11"]
[EventCountry "FRA"]
[SourceTitle "EXT 2008"]
[Source "ChessBase"]
[SourceDate "2007.11.25"]
[SourceVersion "1"]
[SourceVersionDate "2007.11.25"]
[SourceQuality "1"]
[WhiteTeam "Drancy"]
[BlackTeam "Marseille"]
[WhiteTeamCountry "FRA"]
[BlackTeamCountry "FRA"]

1. g3 d5 2. Nf3 Bg4 3. Bg2 Nd7 4. c4 e6 5. b3 Ngf6 6. Bb2 Bd6 7. 0-0 0-0 8. Na3 c6 9. d3 Qe7 10. Nc2 a5 11. Ne3 Ba3 12. Qc1 Bxb2 13. Qxb2 Bxf3 14. Bxf3 Rfd8 15. a3 Ra7 16. Rfc1 Qd6 17. Bg2 d4 18. Nf1 Nc5 19. Nd2 e5 20. Qc2 Rda8 21. Ra2 h5 22. Rca1 Ne6 23. h4 Qe7 24. Qc1 Nc5 25. Qc2 Ne6 26. Rb1 Nc5 27. Rba1 Ne6 28. Rc1 Nc5 29. Rca1 1/2-1/2

[Event "FRA-chT Top 16 GpA"]
[Site "France"]
[Date "2006.02.04"]
[Round "2"]
[White "Brunelliere, Pierre"]
[Black "Libiszewski, Fabien"]
[Result "1/2-1/2"]
[WhiteElo "2343"]
[BlackElo "2467"]
[PlyCount "300"]
[EventDate "2006.02.03"]
[EventType "team-tourn"]
[EventRounds "7"]
[EventCountry "FRA"]
[SourceTitle "EXT 2007"]
[Source "ChessBase"]
[SourceDate "2006.11.23"]
[SourceVersion "1"]
[SourceVersionDate "2006.11.23"]
[SourceQuality "1"]
[WhiteTeam "Drancy"]
[BlackTeam "Montpellier"]
[WhiteTeamCountry "FRA"]
[BlackTeamCountry "FRA"]

1. c4 e5 2. g3 Nf6 3. Bg2 h6 4. Nc3 Bb4 5. Nf3 Bxc3 6. dxc3 d6 7. 0-0 Nc6 8. Ne1 Be6 9. b3 Qd7 10. e4 a6 11. Qe2 0-0 12. Nc2 b5 13. cxb5 axb5 14. Qxb5 Ra5 15. Qd3 Rfa8 16. Rb1 Rxa2 17. Ne3 Rb8 18. b4 Ne7 19. Rd1 Qa4 20. Rd2 Nd7 21. Bf1 Nb6 22. Rdb2 Ra8 23. c4 Nc6 24. c5 dxc5 25. bxc5 Nd7 26. Nd5 Nxc5 27. Qc3 Qd4 28. Qxd4 Nxd4 29. Nxc7 Rxb2 30. Rxb2 Ra1 31. Nxe6 fxe6 32. Be3 Nxe4 33. Kg2 Nf5 34. Bb6 Nf6 35. Bc7 e4 36. Be5 Ra5 37. Bb5 Nd5 38. h3 e3 39. g4 Nh4+ 40. Kg3 Ng6 41. Bd6 Rxb5 42. Rxb5 e2 43. Rb1 Nc3 44. Re1 Ne4+ 45. Kf3 Nxd6 46. Rxe2 Kf7 47. Kg3 e5 48. Ra2 Ne4+ 49. Kf3 Ng5+ 50. Kg3 Ne4+ 51. Kf3 Ng5+ 52. Kg3 Nf4 53. h4 Nge6 54. Ra5 Kf6 55. Ra6 Nd3 56. Kf3 Ndc5 57. Ra2 Nd4+ 58. Kg3 Nce6 59. Ra5 Nf4 60. Ra6+ Nde6 61. Ra5 h5 62. Ra6 hxg4 63. Kxg4 Nd3 64. f3 Nf2+ 65. Kg3 Nd1 66. Ra1 Ne3 67. Ra3 Nf5+ 68. Kg4 Nh6+ 69. Kg3 Kf5 70. Ra7 Ng8 71. Ra8 Nf6 72. Ra7 Nh5+ 73. Kf2 Nef4 74. Rf7+ Ke6 75. Ra7 Ng6 76. Ra4 Kf5 77. Rb4 Kf6 78. Ra4 Ngf4 79. Ra6+ Kf5 80. Ra7 Ne6 81. Rf7+ Kg6 82. Re7 Kf6 83. Ra7 Nd4 84. Kg2 Nf4+ 85. Kg3 Nf5+ 86. Kg4 Nh6+ 87. Kg3 Ng6 88. Ra6+ Kf7 89. Ra7+ Ne7 90. Ra6 Nhf5+ 91. Kh3 Nd4 92. Kg3 Ne6 93. Ra5 Kf6 94. Ra6 Nf5+ 95. Kg4 Ne3+ 96. Kg3 Kf5 97. Ra7 Nd5 98. Rf7+ Nf6 99. Kf2 g6 100. Kg3 Nf4 101. Ra7 N6h5+ 102. Kf2 Nd5 103. Rf7+ Ke6 104. Ra7 Ne7 105. Ra6+ Kf7 106. Ra7 Ng7 107. Kg3 Kf6 108. Ra6+ Ne6 109. Ra7 Nf5+ 110. Kg4 Ne3+ 111. Kg3 Nd4 112. Ra1 Kf5 113. Re1 Nc4 114. Rd1 Kf6 115. Rd3 Kf5 116. Rd1 Nb6 117. Ra1 Nd5 118. Rh1 Nf6 119. Ra1 Nh5+ 120. Kf2 Nf4 121. Kg3 Nd3 122. Rd1 Ne2+ 123. Kg2 Nef4+ 124. Kg3 Ke6 125. Ra1 Kd5 126. Ra4 Nc5 127. Rb4 Nfd3 128. Rb6 Ne6 129. Ra6 Ndc5 130. Ra1 Kd4 131. Ra3 Nd3 132. Ra4+ Ke3 133. Re4+ Kd2 134. Ra4 Nd4 135. Ra6 Nf5+ 136. Kg4 Nf4 137. Ra5 Ne3+ 138. Kg3 Ned5 139. Kf2 Kd3 140. Ra3+ Nc3 141. Ra5 Kd4 142. Ra1 Nd3+ 143. Kg2 Ke3 144. Ra3 Ne2 145. Kh3 Nd4 146. Kg3 Nxf3 147. Ra6 Nf4 148. Ra3+ Nd3 149. Ra6 Nf4 150. Ra3+ Nd3 1/2-1/2

[Event "Nantes op 3rd"]
[Site "Nantes"]
[Date "2004.12.29"]
[Round "6"]
[White "Brunelliere, Pierre"]
[Black "Le Gallo, Frederic"]
[Result "1-0"]
[WhiteElo "2348"]
[BlackElo "1959"]
[PlyCount "149"]
[EventDate "2004.12.27"]
[EventType "swiss"]
[EventRounds "7"]
[EventCountry "FRA"]
[SourceTitle "EXT 2006"]
[Source "ChessBase"]
[SourceDate "2005.11.24"]
[SourceVersion "1"]
[SourceVersionDate "2005.11.24"]
[SourceQuality "1"]

1. g3 Nf6 2. Bg2 d5 3. Nf3 g6 4. c4 c6 5. b3 Bg7 6. Bb2 0-0 7. 0-0 Bf5 8. d3 Qc8 9. Re1 Rd8 10. Nbd2 Bh3 11. Bh1 dxc4 12. bxc4 Na6 13. Rb1 h6 14. Qb3 Nc5 15. Qa3 b6 16. Ne5 Rd6 17. d4 Ne6 18. e3 Ng5 19. c5 Re6 20. f4 Ngh7 21. Nd3 Ng4 22. e4 bxc5 23. Nxc5 Rd6 24. Nf3 Nf8 25. Bg2 Bxg2 26. Kxg2 h5 27. h3 Nh6 28. Ba1 Ne6 29. Nxe6 Qxe6 30. Qb3 Qd7 31. Qb7 Rd8 32. Qxd7 R6xd7 33. Rec1 Rc8 34. Rc5 f5 35. e5 Rd5 36. Rb7 Nf7 37. Rxa7 e6 38. Bc3 Bf8 39. Rxd5 cxd5 40. Bd2 Rc2 41. Kf1 Rb2 42. Ke2 Nd8 43. Ra6 Kf7 44. Kd3 Be7 45. h4 Ke8 46. Ne1 Kd7 47. Ra7+ Ke8 48. Kc3 Rb8 49. Ra4 Nc6 50. Nd3 Rc8 51. Kb2 Rb8+ 52. Kc2 Rb5 53. Bc3 Kd7 54. Ra8 Rb7 55. Rg8 Ra7 56. Kb2 Ra4 57. Rg7 Ke8 58. Rxg6 Nxd4 59. Rh6 Ba3+ 60. Kb1 Ne2 61. Bb2 Bxb2 62. Rxe6+ Kf7 63. Rf6+ Ke7 64. Nxb2 Ra3 65. Rxf5 Nxg3 66. Rg5 d4 67. f5 Ne4 68. Rg7+ Kf8 69. Rd7 Nc3+ 70. Kc2 Nb5 71. Rd5 Ra5 72. Kd2 Ke7 73. a4 Ra8 74. Rxb5 Rg8 75. Rb7+ 1-0

[Event "Nantes op 3rd"]
[Site "Nantes"]
[Date "2004.12.27"]
[Round "1"]
[White "Houard, Yannick"]
[Black "Brunelliere, Pierre"]
[Result "0-1"]
[WhiteElo "1920"]
[BlackElo "2348"]
[PlyCount "73"]
[EventDate "2004.12.27"]
[EventType "swiss"]
[EventRounds "7"]
[EventCountry "FRA"]
[SourceTitle "EXT 2006"]
[Source "ChessBase"]
[SourceDate "2005.11.24"]
[SourceVersion "1"]
[SourceVersionDate "2005.11.24"]
[SourceQuality "1"]

1. e4 c5 2. Nf3 g6 3. Nc3 Bg7 4. d4 cxd4 5. Nxd4 Nc6 6. Be3 Nf6 7. f3 0-0 8. Qd2 d5 9. exd5 Nxd5 10. Nxd5 Qxd5 11. Nxc6 Qxc6 12. c3 Bf5 13. Rd1 Qe6 14. Be2 Qxa2 15. 0-0 Qb3 16. Bc5 Rfe8 17. f4 Bc2 18. Rc1 Be4 19. Rcd1 b6 20. Be3 e6 21. Bf3 Bxf3 22. Rxf3 Bf6 23. Qe2 Red8 24. Rff1 h5 25. Bf2 Rac8 26. Rfe1 Kg7 27. Be3 a5 28. Bc1 a4 29. Rxd8 Rxd8 30. Be3 Rd5 31. Ra1 b5 32. Rc1 b4 33. Qc2 Qxc2 34. Rxc2 Rd1+ 35. Kf2 b3 36. Re2 a3 37. bxa3 0-1

[Event "FRA-chT Gp-B"]
[Site "France"]
[Date "2004.04.02"]
[Round "5"]
[White "Brunelliere, Pierre"]
[Black "Guadalpi, David"]
[Result "1/2-1/2"]
[WhiteElo "2347"]
[BlackElo "2274"]
[PlyCount "186"]
[EventDate "2004.01.30"]
[EventType "team"]
[EventRounds "7"]
[EventCountry "FRA"]
[SourceTitle "EXT 2005"]
[Source "ChessBase"]
[SourceDate "2004.11.15"]
[SourceVersion "1"]
[SourceVersionDate "2004.11.15"]
[SourceQuality "1"]
[WhiteTeam "Drancy"]
[BlackTeam "Strasbourg"]
[WhiteTeamCountry "FRA"]
[BlackTeamCountry "FRA"]

1. Nf3 c5 2. g3 Nc6 3. Bg2 g6 4. c4 Bg7 5. Nc3 e5 6. d3 Nge7 7. 0-0 0-0 8. Rb1 d6 9. a3 a5 10. b3 Rb8 11. Ne1 Be6 12. Nc2 d5 13. cxd5 Nxd5 14. Bd2 h6 15. a4 Re8 16. Na3 b6 17. Nc4 f5 18. Qc1 Kh7 19. Re1 Nd4 20. Nxd5 Bxd5 21. Bxd5 Qxd5 22. Ne3 Qb7 23. Bc3 Ne6 24. Ba1 Ng5 25. Ng2 Nh3+ 26. Kf1 f4 27. f3 fxg3 28. hxg3 Qc7 29. Nh4 Bf6 30. Kg2 Nf4+ 31. gxf4 Bxh4 32. Rh1 exf4 33. Rxh4 g5 34. Rh2 Rxe2+ 35. Kg1 Re3 36. Qc2 Qf7 37. Kf2 Rbe8 38. d4+ Qg6 39. Rxh6+ Kxh6 40. Rh1+ Kg7 41. dxc5+ R8e5 42. Bxe5+ Rxe5 43. Qb2 Qf6 44. c6 Re6 45. Qxf6+ Rxf6 46. Rc1 Rf8 47. c7 Rc8 48. Rc6 Kf7 49. Kg2 Ke7 50. Kh3 Kd7 51. Rxb6 Rxc7 52. Rb5 Rc1 53. Rxg5 Rc3 54. Kg4 Rxb3 55. Rxa5 Rb4 56. Kf5 Kc6 57. Ke5 Rc4 58. Kf5 Kb6 59. Rb5+ Kc6 60. Ra5 Kb6 61. Ra8 Kb7 62. Re8 Rxa4 63. Re4 Ra1 64. Rc4 Rh1 65. Rc3 Rh8 66. Kxf4 Rf8+ 67. Ke4 Re8+ 68. Kd5 Rf8 69. Ke5 Re8+ 70. Kd6 Rf8 71. Ke5 Re8+ 72. Kf5 Rf8+ 73. Kg4 Rg8+ 74. Kh4 Rf8 75. Kg3 Rg8+ 76. Kf2 Rf8 77. Rc4 Kb6 78. f4 Kb5 79. Re4 Kc5 80. Kf3 Kd5 81. Re5+ Kd6 82. Ke4 Ra8 83. Kf5 Rf8+ 84. Kg4 Rg8+ 85. Kf3 Rf8 86. Re1 Kd5 87. Ra1 Ke6 88. Ra6+ Kf5 89. Ra5+ Kf6 90. Ra6+ Kf5 91. Rb6 Ra8 92. Rb5+ Kf6 93. Kg4 Rg8+ 1/2-1/2

[Event "FRA-chT Gp-B"]
[Site "France"]
[Date "2004.01.31"]
[Round "2"]
[White "Wirig, Anthony"]
[Black "Brunelliere, Pierre"]
[Result "1-0"]
[WhiteElo "2418"]
[BlackElo "2347"]
[PlyCount "99"]
[EventDate "2004.01.30"]
[EventType "team"]
[EventRounds "7"]
[EventCountry "FRA"]
[SourceTitle "CBM 098 Extra"]
[Source "ChessBase"]
[SourceDate "2004.03.10"]
[SourceVersion "2"]
[SourceVersionDate "2004.03.10"]
[SourceQuality "1"]
[WhiteTeam "Vandoeuvre"]
[BlackTeam "Drancy"]
[WhiteTeamCountry "FRA"]
[BlackTeamCountry "FRA"]

1. d4 g6 2. Nf3 Bg7 3. c3 Nf6 4. Bg5 d6 5. Nbd2 0-0 6. e3 Nbd7 7. Bd3 c6 8. 0-0 Qc7 9. a4 b6 10. h3 a6 11. Qe2 Re8 12. Rfd1 Bb7 13. Bf4 Nf8 14. Bh2 N6d7 15. Bc4 b5 16. Bb3 h6 17. Bc2 Rad8 18. Nb3 Qb6 19. axb5 axb5 20. Na5 Ba8 21. b4 c5 22. bxc5 dxc5 23. Rdb1 b4 24. Nd2 Qf6 25. cxb4 cxd4 26. e4 e5 27. Bd3 Nb6 28. Nab3 Nfd7 29. Nc5 Bf8 30. Ndb3 Nb8 31. Qd2 Rc8 32. Rf1 h5 33. Ra7 Re7 34. Rxe7 Qxe7 35. f4 exf4 36. Bxf4 Bg7 37. Bg5 Qe8 38. Qf2 N6d7 39. Bb5 Bc6 40. Bd3 Nxc5 41. Nxc5 Nd7 42. Nxd7 Qxd7 43. b5 Bb7 44. Bf6 Bxf6 45. Qxf6 Rc3 46. Rd1 Ra3 47. Bc4 d3 48. Qg5 Kf8 49. Qh6+ Ke7 50. Qg5+ 1-0

[Event "FRA-chT Poule Basse"]
[Site "France"]
[Date "2003.05.10"]
[Round "11.5"]
[White "Brunelliere, Pierre"]
[Black "Mazet, Julien"]
[Result "1-0"]
[WhiteElo "2332"]
[BlackElo "2221"]
[PlyCount "81"]
[EventDate "2003.05.07"]
[EventType "team-tourn"]
[EventRounds "4"]
[EventCountry "FRA"]
[SourceTitle "CBM 095"]
[Source "ChessBase"]
[SourceDate "2003.07.25"]
[SourceVersion "1"]
[SourceVersionDate "2003.07.25"]
[SourceQuality "1"]
[WhiteTeam "Besancon"]
[BlackTeam "Noyon"]
[WhiteTeamCountry "FRA"]
[BlackTeamCountry "FRA"]

1. Nf3 d5 2. g3 Nf6 3. b3 g6 4. Bb2 Bg7 5. Bg2 0-0 6. 0-0 a5 7. d3 c6 8. a3 Nbd7 9. Nbd2 Nc5 10. c4 b6 11. Qc2 Bb7 12. Rfc1 Ne8 13. Bxg7 Nxg7 14. b4 Nce6 15. Qb2 axb4 16. axb4 Qd6 17. c5 Qc7 18. Nb3 bxc5 19. bxc5 Rfb8 20. Qe5 Qxe5 21. Nxe5 Rxa1 22. Rxa1 f6 23. Nd7 Ra8 24. Rxa8+ Bxa8 25. Na5 Nd8 26. Nb6 Bb7 27. Nxd5 Kf8 28. Nb4 Nge6 29. Nb3 Ke8 30. d4 Kd7 31. e3 Nf8 32. Na5 Kc7 33. Kf1 Nd7 34. Ke2 Nb8 35. Kd2 Bc8 36. Kc3 Bd7 37. d5 Be8 38. dxc6 Bxc6 39. Naxc6 Ndxc6 40. Nxc6 Nxc6 41. Bxc6 1-0

[Event "FRA-chT Gp-B"]
[Site "France"]
[Date "2003.04.05"]
[Round "6.5"]
[White "Brunelliere, Pierre"]
[Black "Bellaiche, Antony"]
[Result "1/2-1/2"]
[WhiteElo "2332"]
[BlackElo "2427"]
[PlyCount "61"]
[EventDate "2003.01.31"]
[EventType "team"]
[EventRounds "7"]
[EventCountry "FRA"]
[SourceTitle "CBM 095"]
[Source "ChessBase"]
[SourceDate "2003.07.25"]
[SourceVersion "1"]
[SourceVersionDate "2003.07.25"]
[SourceQuality "1"]
[WhiteTeam "Besancon"]
[BlackTeam "Vandoeuvre"]
[WhiteTeamCountry "FRA"]
[BlackTeamCountry "FRA"]

1. Nf3 Nf6 2. c4 e6 3. g3 d5 4. b3 Be7 5. Bb2 0-0 6. Bg2 c5 7. 0-0 Nc6 8. e3 b6 9. Qe2 Bb7 10. Rd1 Qc7 11. Nc3 Rad8 12. cxd5 exd5 13. d4 Rfe8 14. Rac1 Qb8 15. dxc5 Bxc5 16. Na4 Be7 17. Nd4 Ne5 18. Rc2 g6 19. Rdc1 Ne4 20. h3 Bf8 21. Nf3 Nd7 22. Qd1 f6 23. Bd4 Ndc5 24. Nxc5 bxc5 25. Bb2 Bh6 26. Nh2 f5 27. Rxc5 Nxc5 28. Qd4 Ne6 29. Qh8+ Kf7 30. Qf6+ Kg8 31. Qh8+ 1/2-1/2

[Event "FRA-chT Gp-B"]
[Site "France"]
[Date "2003.04.04"]
[Round "5.5"]
[White "Philippe, Christophe"]
[Black "Brunelliere, Pierre"]
[Result "1/2-1/2"]
[WhiteElo "2300"]
[BlackElo "2332"]
[PlyCount "129"]
[EventDate "2003.01.31"]
[EventType "team"]
[EventRounds "7"]
[EventCountry "FRA"]
[SourceTitle "CBM 095"]
[Source "ChessBase"]
[SourceDate "2003.07.25"]
[SourceVersion "1"]
[SourceVersionDate "2003.07.25"]
[SourceQuality "1"]
[WhiteTeam "Nancy"]
[BlackTeam "Besancon"]
[WhiteTeamCountry "FRA"]
[BlackTeamCountry "FRA"]

1. e4 d5 2. exd5 Nf6 3. d4 Nxd5 4. Nf3 Bg4 5. Be2 Nc6 6. 0-0 e6 7. h3 Bh5 8. Re1 Be7 9. Nbd2 0-0 10. Ne4 Nf6 11. Nxf6+ Bxf6 12. c3 Qd6 13. Qb3 b6 14. Be3 Na5 15. Qa4 Qc6 16. Qxc6 Nxc6 17. g4 Bg6 18. Bb5 Nb8 19. Bf4 c6 20. Ba4 b5 21. Bb3 Nd7 22. a4 a6 23. Ra2 Nb6 24. g5 Be7 25. Ne5 Rfc8 26. axb5 axb5 27. Rxa8 Nxa8 28. Nxg6 hxg6 29. Rxe6 Kf8 30. Re1 Nb6 31. Ra1 Ra8 32. Rxa8+ Nxa8 33. Bd1 Nb6 34. Bf3 Nd5 35. Bd2 Ke8 36. b3 Kd7 37. c4 bxc4 38. bxc4 Nb4 39. Be4 Na6 40. Bc2 c5 41. Ba4+ Kd8 42. Ba5+ Kc8 43. d5 Bxg5 44. Be8 f6 45. Bxg6 Bf4 46. Bf5+ Kb7 47. h4 Nb4 48. Kg2 Bc7 49. Bxb4 cxb4 50. c5 Be5 51. Be4 Kc7 52. Kh3 Bd4 53. d6+ Kd7 54. Bf5+ Kc6 55. d7 Kc7 56. c6 Bb6 57. Kg4 Kxc6 58. f3 Kd6 59. Kh5 g5 60. hxg5 fxg5 61. Kxg5 Ke7 62. Kf4 b3 63. Ke4 b2 64. Kd5 b1Q 65. Bxb1 1/2-1/2

[Event "FRA-chT Gp-B"]
[Site "France"]
[Date "2003.02.01"]
[Round "2.4"]
[White "Godena, Michele"]
[Black "Brunelliere, Pierre"]
[Result "1/2-1/2"]
[WhiteElo "2529"]
[BlackElo "2332"]
[PlyCount "109"]
[EventDate "2003.01.31"]
[EventType "team"]
[EventRounds "7"]
[EventCountry "FRA"]
[SourceTitle "CBM 094"]
[Source "ChessBase"]
[SourceDate "2003.05.26"]
[SourceVersion "1"]
[SourceVersionDate "2003.05.26"]
[SourceQuality "1"]
[WhiteTeam "Cannes"]
[BlackTeam "Besancon"]
[WhiteTeamCountry "FRA"]
[BlackTeamCountry "FRA"]

1. e4 c5 2. Nf3 g6 3. c3 d5 4. exd5 Qxd5 5. d4 Bg7 6. Na3 cxd4 7. Nb5 Na6 8. Be3 Nh6 9. Bxd4 Bxd4 10. Qxd4 Qxd4 11. Nfxd4 0-0 12. Be2 Bg4 13. f3 Bd7 14. 0-0-0 Rfd8 15. Rd2 e5 16. Nb3 Bxb5 17. Bxb5 Rxd2 18. Nxd2 Nc7 19. Bc4 Kg7 20. Re1 f6 21. f4 Re8 22. fxe5 Rxe5 23. Rxe5 fxe5 24. Be2 Nf5 25. Ne4 b6 26. Kd2 h5 27. g3 Nd5 28. c4 Nc7 29. c5 bxc5 30. Nxc5 Kf6 31. Ne4+ Ke6 32. Bc4+ Ke7 33. b4 Nd4 34. h4 Na8 35. Kd3 Nb6 36. Bg8 Kf8 37. Bc4 Ke7 38. a3 Nxc4 39. Kxc4 Ke6 40. a4 Kf5 41. Nc5 Kg4 42. Nd7 Kf5 43. b5 Ne6 44. a5 e4 45. b6 axb6 46. axb6 Nd8 47. Kd4 Kg4 48. Kxe4 Kxg3 49. Kd5 Kxh4 50. Kd6 Nb7+ 51. Kc6 Na5+ 52. Kb5 Nb7 53. Kc6 Na5+ 54. Kb5 Nb7 55. Kc6 1/2-1/2

[Event "Nantes op 1st"]
[Site "Nantes"]
[Date "2002.12.30"]
[Round "5"]
[White "Le Gallo, Frederic"]
[Black "Brunelliere, Pierre"]
[Result "0-1"]
[WhiteElo "2060"]
[BlackElo "2294"]
[PlyCount "94"]
[EventDate "2002.12.??"]
[EventType "swiss"]
[EventRounds "7"]
[EventCountry "FRA"]
[SourceTitle "EXT 2004"]
[Source "ChessBase"]
[SourceDate "2003.11.25"]
[SourceVersion "1"]
[SourceVersionDate "2003.11.25"]
[SourceQuality "1"]

1. e4 c5 2. Nf3 g6 3. Bc4 Bg7 4. Nc3 Nc6 5. 0-0 e6 6. a4 Nge7 7. d3 0-0 8. Bg5 h6 9. Bh4 d6 10. Qc1 Kh7 11. Ne2 Qc7 12. c3 d5 13. Ba2 b6 14. Bg3 Qd7 15. Ne1 Ba6 16. Qc2 Rad8 17. f4 dxe4 18. dxe4 Qd2 19. Rf2 Qxc2 20. Nxc2 Rd2 21. b4 Bxe2 22. f5 Bxc3 23. Rc1 exf5 24. bxc5 bxc5 25. exf5 Nxf5 26. Bf4 Rd1+ 27. Rxd1 Bxd1 28. g4 Bxg4 29. Kg2 Be5 30. h3 Bxf4 31. hxg4 Ne3+ 32. Nxe3 Bxe3 33. Rf3 Bd4 34. g5 hxg5 35. Bxf7 Ne5 36. Rh3+ Kg7 37. Bd5 g4 38. Rb3 Rf2+ 39. Kg3 Rb2 40. Ra3 Kf6 41. a5 c4 42. a6 Bf2+ 43. Kf4 g5+ 44. Ke4 Re2+ 45. Re3 Rxe3+ 46. Kd4 Rd3+ 47. Ke4 Rd4# 0-1

[Event "Nantes op 1st"]
[Site "Nantes"]
[Date "2002.12.27"]
[Round "4"]
[White "Brunelliere, Pierre"]
[Black "Prie, Eric"]
[Result "0-1"]
[WhiteElo "2294"]
[BlackElo "2489"]
[PlyCount "84"]
[EventDate "2002.12.??"]
[EventType "swiss"]
[EventRounds "7"]
[EventCountry "FRA"]
[SourceTitle "EXT 2004"]
[Source "ChessBase"]
[SourceDate "2003.11.25"]
[SourceVersion "1"]
[SourceVersionDate "2003.11.25"]
[SourceQuality "1"]

1. Nf3 d5 2. c4 c6 3. b3 Bg4 4. g3 Bxf3 5. exf3 Nf6 6. Bb2 g6 7. Bg2 Bg7 8. 0-0 0-0 9. f4 Ne8 10. Bxg7 Nxg7 11. d3 e6 12. Nd2 Nd7 13. Nf3 Qb6 14. Qc2 Rfd8 15. Qc3 a5 16. Rfd1 Qb4 17. Qb2 a4 18. Ne1 axb3 19. Nc2 Qb6 20. axb3 Rxa1 21. Nxa1 Nc5 22. Qc3 dxc4 23. bxc4 Nf5 24. Nc2 Qb3 25. Qxb3 Nxb3 26. Kf1 Ra8 27. g4 Nh4 28. d4 Ra2 29. Ne3 Nd2+ 30. Kg1 Nxg2 31. Kxg2 Ne4 32. Rf1 Rd2 33. f5 exf5 34. gxf5 Rxd4 35. Rb1 Rd7 36. Re1 Kg7 37. Kf3 Nc5 38. Re2 h6 39. fxg6 fxg6 40. Ra2 Rf7+ 41. Kg2 Nd3 42. Rd2 Ne1+ 0-1

[Event "Rohde op 02nd"]
[Site "Sautron"]
[Date "2002.10.02"]
[Round "8"]
[White "Brunelliere, Pierre"]
[Black "Primel, Dominique"]
[Result "1/2-1/2"]
[WhiteElo "2294"]
[BlackElo "2129"]
[PlyCount "34"]
[EventDate "2002.10.26"]
[EventType "swiss"]
[EventRounds "9"]
[EventCountry "FRA"]
[SourceTitle "EXT 2003"]
[Source "ChessBase"]
[SourceDate "2002.11.25"]
[SourceVersion "1"]
[SourceVersionDate "2002.11.25"]
[SourceQuality "1"]

1. e4 c5 2. c3 d5 3. exd5 Qxd5 4. d4 g6 5. Nf3 Bg7 6. Be3 cxd4 7. cxd4 Qa5+ 8. Nc3 Nh6 9. Qd2 Nf5 10. Nb5 Qxd2+ 11. Bxd2 Na6 12. Bd3 Bd7 13. 0-0 0-0 14. Bc3 Rfd8 15. Rfd1 Bxb5 16. Bxb5 Nc7 17. Bf1 Nd5 1/2-1/2

[Event "FRA-ch Accession"]
[Site "Val d'Isere"]
[Date "2002.08.??"]
[Round "8.7"]
[White "Brunelliere, Pierre"]
[Black "Boudre, Jean Pierre"]
[Result "1-0"]
[WhiteElo "2294"]
[BlackElo "2397"]
[PlyCount "89"]
[EventDate "2002.08.20"]
[EventType "swiss"]
[EventRounds "11"]
[EventCountry "FRA"]
[SourceTitle "EXT 2003"]
[Source "ChessBase"]
[SourceDate "2002.11.25"]
[SourceVersion "1"]
[SourceVersionDate "2002.11.25"]
[SourceQuality "1"]

1. Nf3 d5 2. g3 Bg4 3. Bg2 Nd7 4. b3 e6 5. Bb2 Ngf6 6. 0-0 c6 7. d3 a5 8. a3 Bxf3 9. exf3 g6 10. f4 Bg7 11. Nd2 0-0 12. Nf3 Ne8 13. Ne5 Nd6 14. Rb1 Nf5 15. Re1 Re8 16. Qd2 Qc7 17. c4 dxc4 18. bxc4 Red8 19. Bc3 Nc5 20. Red1 a4 21. Qb2 Nb3 22. d4 Rac8 23. Be4 Nd6 24. Bc2 Bxe5 25. Bxb3 axb3 26. fxe5 Nxc4 27. Qxb3 b5 28. a4 Rb8 29. axb5 cxb5 30. Bb4 Rd5 31. f4 Qc6 32. Be1 Ra8 33. Bf2 h5 34. h3 h4 35. Qf3 hxg3 36. Qxg3 Ra2 37. Ra1 Rxa1 38. Rxa1 Rd8 39. Qg5 Rb8 40. Ra7 Ra8 41. Qe7 Rxa7 42. Qd8+ Kg7 43. Qf6+ Kf8 44. Qh8+ Ke7 45. Bh4+ 1-0

[Event "Cannes op"]
[Site "Cannes"]
[Date "2000.02.26"]
[Round "7"]
[White "Blandnet, Jean Marie"]
[Black "Brunelliere, Pierre"]
[Result "1/2-1/2"]
[WhiteElo "2149"]
[BlackElo "2294"]
[PlyCount "85"]
[EventDate "2000.02.20"]
[EventType "swiss"]
[EventRounds "9"]
[EventCountry "FRA"]
[SourceTitle "EXT 2001"]
[Source "ChessBase"]
[SourceDate "2000.11.22"]
[SourceVersion "1"]
[SourceVersionDate "2000.11.22"]
[SourceQuality "1"]

1. d4 Nf6 2. Nf3 g6 3. c4 c5 4. Nc3 cxd4 5. Nxd4 d6 6. e4 Bg7 7. Be2 0-0 8. Be3 Nc6 9. 0-0 Bd7 10. Kh1 Nxd4 11. Bxd4 Bc6 12. f4 Ne8 13. Bf3 e5 14. fxe5 Bxe5 15. Bxe5 dxe5 16. Qxd8 Rxd8 17. Nd5 Nd6 18. c5 Nb5 19. Be2 Bxd5 20. exd5 Nd4 21. Bc4 Nc2 22. Rac1 Ne3 23. Rfe1 Nxc4 24. Rxc4 Rxd5 25. b4 Rc8 26. Kg1 f5 27. Rec1 Kf7 28. a4 Rd4 29. Rxd4 exd4 30. Rc4 Rd8 31. Kf2 Ke6 32. Ke2 Ke5 33. Kd3 Rd7 34. b5 g5 35. c6 bxc6 36. bxc6 Rc7 37. Rc5+ Ke6 38. Kxd4 h6 39. Re5+ Kd6 40. Rxf5 Rxc6 41. Rf7 Rc2 42. Rxa7 Rxg2 43. Ra6+ 1/2-1/2

[Event "Cannes op"]
[Site "Cannes"]
[Date "2000.02.23"]
[Round "4"]
[White "Brunelliere, Pierre"]
[Black "Weindl, Alfred"]
[Result "1/2-1/2"]
[WhiteElo "2294"]
[BlackElo "2367"]
[PlyCount "175"]
[EventDate "2000.02.20"]
[EventType "swiss"]
[EventRounds "9"]
[EventCountry "FRA"]
[SourceTitle "EXT 2001"]
[Source "ChessBase"]
[SourceDate "2000.11.22"]
[SourceVersion "1"]
[SourceVersionDate "2000.11.22"]
[SourceQuality "1"]

1. e4 c5 2. c3 d5 3. exd5 Qxd5 4. d4 Nf6 5. Nf3 e6 6. Bd3 cxd4 7. cxd4 Nc6 8. 0-0 Be7 9. Nc3 Qd6 10. Be3 0-0 11. Qe2 b6 12. Rad1 Nb4 13. Bc4 Bb7 14. a3 Nbd5 15. Nxd5 Bxd5 16. Rc1 Bxc4 17. Qxc4 Nd5 18. Rc2 f6 19. Rfc1 Qd7 20. Qc6 Rfd8 21. Kf1 Kf7 22. Qc4 Bd6 23. h3 Re8 24. Ne1 Rad8 25. Nd3 Re7 26. Ne1 Kg8 27. Nf3 Qb7 28. Bd2 Rc7 29. Qe2 Re8 30. Ne1 Rxc2 31. Nxc2 Qd7 32. Ne3 Nf4 33. Qc4 Bb8 34. Qc6 Qxc6 35. Rxc6 Kf7 36. a4 Ke7 37. h4 Kd7 38. Rc2 Ng6 39. g3 Ne7 40. Kg2 Bd6 41. h5 a6 42. Rc1 Rb8 43. Bc3 Rc8 44. Rd1 Nd5 45. Nxd5 exd5 46. Rd3 Rc4 47. b3 Rc8 48. Kf3 f5 49. Ke2 Re8+ 50. Re3 Rf8 51. Bd2 g6 52. hxg6 hxg6 53. Kd3 Rh8 54. Re1 Rh2 55. Rf1 Rh3 56. Be3 Be7 57. Ke2 g5 58. Kf3 Rh6 59. Ke2 Rh5 60. Rg1 Rh8 61. Bd2 Bf6 62. Kd3 Rh3 63. Bc3 f4 64. Kd2 fxg3 65. Rxg3 Rxg3 66. fxg3 g4 67. Kd3 Be7 68. Be1 Bd6 69. Ke3 Kc6 70. Kd3 Kd7 71. Ke3 Ke6 72. Kd3 Kf5 73. Ke3 Ba3 74. Bd2 Bd6 75. Be1 Be7 76. Kd3 Bg5 77. Bf2 Be7 78. Be1 Bd6 79. Ke3 Ke6 80. Kd3 Kd7 81. Bf2 Kc6 82. Be1 b5 83. Kc2 Kb6 84. Kd3 bxa4 85. bxa4 Ba3 86. Bd2 Bd6 87. Be1 Bb8 88. Kc2 1/2-1/2

[Event "Cannes op"]
[Site "Cannes"]
[Date "2000.02.20"]
[Round "1"]
[White "Ruch, Bernard"]
[Black "Brunelliere, Pierre"]
[Result "0-1"]
[WhiteElo "2085"]
[BlackElo "2294"]
[PlyCount "62"]
[EventDate "2000.02.20"]
[EventType "swiss"]
[EventRounds "9"]
[EventCountry "FRA"]
[SourceTitle "EXT 2001"]
[Source "ChessBase"]
[SourceDate "2000.11.22"]
[SourceVersion "1"]
[SourceVersionDate "2000.11.22"]
[SourceQuality "1"]

1. d4 Nf6 2. Nf3 g6 3. c4 c5 4. d5 b5 5. cxb5 a6 6. e3 Bg7 7. Nc3 0-0 8. d6 Bb7 9. dxe7 Qxe7 10. Be2 d5 11. bxa6 Nxa6 12. 0-0 Rfd8 13. Re1 Ne4 14. Nb5 Bc6 15. Nd2 Nb4 16. a4 Bxb5 17. Bxb5 c4 18. Nf3 Nd6 19. Ra3 Nxb5 20. axb5 Nd3 21. Re2 Qc5 22. Ne1 Nxe1 23. Qxe1 Qxb5 24. e4 d4 25. e5 Rxa3 26. bxa3 d3 27. Re4 Re8 28. f4 Qc6 29. Rd4 Bf8 30. Be3 Bc5 31. Rxd3 cxd3 0-1